|
|
|
|
| LEADER |
02394nam a2200385 a 4500 |
| 001 |
EBC826965 |
| 003 |
MiAaPQ |
| 005 |
20200520144314.0 |
| 006 |
m o d | |
| 007 |
cr cn||||||||| |
| 008 |
110616s2012 flua sb 001 0 eng d |
| 010 |
|
|
|z 2011023936
|
| 020 |
|
|
|z 9781439879757
|
| 020 |
|
|
|a 9781439879788 (electronic bk.)
|
| 035 |
|
|
|a (MiAaPQ)EBC826965
|
| 035 |
|
|
|a (Au-PeEL)EBL826965
|
| 035 |
|
|
|a (CaPaEBR)ebr10518022
|
| 035 |
|
|
|a (CaONFJC)MIL390862
|
| 035 |
|
|
|a (OCoLC)771288244
|
| 040 |
|
|
|a MiAaPQ
|c MiAaPQ
|d MiAaPQ
|
| 050 |
|
4 |
|a HD30.2
|b .L475 2012
|
| 082 |
0 |
4 |
|a 005.068/4
|2 23
|
| 100 |
1 |
|
|a Levine, Michael K.
|
| 245 |
1 |
2 |
|a A tale of two transformations
|h [electronic resource] :
|b bringing lean and agile software development to life /
|c Michael K. Levine.
|
| 260 |
|
|
|a Boca Raton, Fla. :
|b CRC Press,
|c 2012.
|
| 300 |
|
|
|a xxv, 286 p. :
|b ill.
|
| 504 |
|
|
|a Includes bibliographical references and index.
|
| 505 |
0 |
|
|a Setting the stage for change: February -- MCCA February : Wes's challenge -- FinServia February : Mary's challenge -- Both companies February : setting initial approaches -- Understanding the landscape: March 2008 -- MCCA March : getting to know MCCA team & culture -- FinServia March : re-orienting the GRI relationship -- MCCA March : solving the chief engineer puzzle -- Beginning the transformations: April-May -- FinServia end of April : six weeks to change the finservia organization -- MCCA end of May : six weeks to start the MCCA transformation -- Transformations take hold : May-September -- FinServia May : making delivery commitments -- MCCA July : DocWorld : engaging with the salesforce & customers -- FinServia July : sprint one demo : dealing with disappointment -- MCCA September : Jack's gambit -- Looking back and looking ahead : December -- December : sustaining lean & agile -- Summary and conclusions : transforming to become lean and agile.
|
| 533 |
|
|
|a Electronic reproduction. Ann Arbor, MI : ProQuest, 2015. Available via World Wide Web. Access may be limited to ProQuest affiliated libraries.
|
| 650 |
|
0 |
|a Information technology
|x Management.
|
| 650 |
|
0 |
|a Information technology projects
|x Management.
|
| 650 |
|
0 |
|a Agile software development.
|
| 655 |
|
4 |
|a Electronic books.
|
| 710 |
2 |
|
|a ProQuest (Firm)
|
| 856 |
4 |
0 |
|u https://ebookcentral.proquest.com/lib/matrademy/detail.action?docID=826965
|z Click to View
|